Juegos ecológicos con... ruedas y otros objetos /

Bibliographic Details
Main Author: Gutiérrez Toca, Manuel (Author)
Format: Electronic eBook
Language:Spanish
Published: [Barcelona] : INDE Publicaciones, 2021.
Edition:Primera edición.
Subjects:
Online Access:Digitalia Hispánica

MARC

LEADER 00000nam a2200000Ii 4500
001 DIGINDE0088
003 NyNyDIG
006 m o d
007 cr |||||||||||
008 211225s2021 sp a ob 000 0 spa d
035 |a (OCoLC)1319852345 
040 |a DGITA  |b eng  |e rda  |e pn  |c DGITA 
020 |a 9788497295697  |q eBook  |q pdf 
020 |z 9788497292412 
050 1 4 |a GV1203 ebook 
100 1 |a Gutiérrez Toca, Manuel,  |e author. 
245 1 0 |a Juegos ecológicos con... ruedas y otros objetos /  |c Manuel Gutiérrez Toca. 
250 |a Primera edición. 
264 1 |a [Barcelona] :  |b INDE Publicaciones,  |c 2021. 
300 |a 1 online resource :  |b illustrations. 
336 |a text  |b txt  |2 rdacontent 
337 |a computer  |b c  |2 rdamedia 
338 |a online resource  |b cr  |2 rdacarrier 
347 |a text file  |2 rdaft 
347 |b PDF 
504 |a Includes bibliographical references. 
588 0 |a Online resource; title from PDF title page (Digitalia, viewed December 25, 2021) 
650 0 |a Ecology  |x Study and teaching (Elementary) 
650 0 |a Educational games. 
650 0 |a Games in ecology education. 
650 0 |a Outdoor games. 
650 0 |a Physical education for children. 
655 0 |a Electronic books. 
791 2 |a Digitalia (Firm),  |e distributor. 
793 0 |g Digitalia eBook Collection:  |a Inde 
776 0 8 |i Print version:  |a Gutiérrez Toca, Manuel.  |t Juegos ecológicos con... ruedas y otros objetos.  |d Barcelona : INDE Publicaciones, 2014  |z 9788497292412 
856 4 0 |3 Digitalia Hispánica  |u https://www.digitaliapublishing.com/a/103566/ 
910 |a Premium collection: 2022